[Event "Challenge"]
[Site "http://www.queenalice.com/game.php?id=1474909"]
[Date "2017.4.24"]
[Round "-"]
[White "Hourglass"]
[Black "agourmay5"]
[Result "1-0"]
[WhiteElo "1874"]
[BlackElo "1500"]

1. e4 e5 2. Nf3 Nc6 3. Bb5 Nge7 4. d3 a6 5. Ba4 b5 6. Bb3 d5 7. exd5 Nxd5 8.
Bxd5 Qxd5 9. Nc3 Bb4 10. Bd2 Qd6 11. O-O Bg4 12. h3 Be6 13. a3 Bc5 14. b4 Bb6
15. Ne4 Qd5 16. Bc3 Nd4 17. Bxd4 exd4 18. Nfg5 Bf5 19. Re1 Qc6 20. Nd6+ Kd7 21.
Nxf5 Qf6 22. Re7+ Kc6 23. Qf3# 1-0

[Event "Challenge"]
[Site "http://www.queenalice.com/game.php?id=1474910"]
[Date "2017.4.24"]
[Round "-"]
[White "agourmay5"]
[Black "Hourglass"]
[Result "1-0"]
[WhiteElo "1487"]
[BlackElo "1876"]

1. d4 d5 2. c4 c6 3. e3 Nf6 4. Nf3 Bf5 5. cxd5 Nxd5 6. Be2 Nd7 7. O-O Qc7 8. Qb3
b6 9. Nc3 Qd6 10. e4 Nxc3 11. Qxc3 Bxe4 12. Ng5 Bd5 13. Bc4 e6 14. Re1 Be7 15.
Bxd5 cxd5 16. Qf3 O-O 17. Bf4 Qb4 18. Qc3 Rac8 19. Qxb4 Bxb4 20. Re2 Nf6 21. f3
Rc4 22. a3 Be7 23. Be5 Nd7 24. h4 Nxe5 25. Rxe5 Rxd4 26. g4 Bc5 27. Kg2 f6 28.
Nxe6 Rd2+ 29. Kh3 fxe5 30. Nxf8 Kxf8 31. b4 Bd6 32. Rf1 Ke7 33. g5 1-0

[Event "Will it work??"]
[Site "http://www.queenalice.com/game.php?id=1478494"]
[Date "2017.5.17"]
[Round "-"]
[White "Sigmund"]
[Black "agourmay5"]
[Result "1-0"]
[WhiteElo "1949"]
[BlackElo "1487"]

1. e4 c5 2. Bc4 Nc6 3. Nf3 e6 4. a3 Bd6 5. d3 b6 6. O-O h6 7. Nc3 Bb7 8. Re1 Qf6
9. Ne2 Bc7 10. Ba2 Nge7 11. c3 d5 12. exd5 exd5 13. Ng3 O-O 14. Be3 Rfe8 15. Qd2
Ne5 16. Nxe5 Bxe5 17. f4 Bc7 18. d4 Rad8 19. Rad1 cxd4 20. cxd4 Ng6 21. Qc1 Re7
22. Rf1 Rde8 23. Rde1 b5 24. Bb1 Bb6 25. Nf5 Re6 26. Nxh6+ gxh6 27. f5 Rc6 28.
Qd2 Nh4 29. g3 Qg7 30. Kh1 Nxf5 31. Rxf5 Rg6 32. Bxh6 Rxe1+ 33. Qxe1 Qxh6 34.
Qe8+ Qf8 35. Re5 Rg7 36. Qxb5 Qd6 37. Re8+ 1-0

[Event "Challenge"]
[Site "http://www.queenalice.com/game.php?id=1485954"]
[Date "2017.7.13"]
[Round "-"]
[White "Hourglass"]
[Black "agourmay5"]
[Result "1-0"]
[WhiteElo "1876"]
[BlackElo "1684"]

1. e4 c5 2. Nf3 d6 3. d3 Nc6 4. Nc3 Nf6 5. Be3 g6 6. d4 cxd4 7. Nxd4 Nxd4 8.
Bxd4 Bg7 9. Bc4 O-O 10. Qe2 e5 11. Be3 Ng4 12. h3 Nxe3 13. Qxe3 Kh8 14. O-O-O
Bf6 15. Kb1 Bg5 16. Qf3 f5 17. g3 fxe4 18. Qg2 e3 19. Ne4 exf2 20. Nxd6 Qc7 21.
Bb3 Rd8 22. Nf7+ 1-0

[Event "Challenge"]
[Site "http://www.queenalice.com/game.php?id=1485955"]
[Date "2017.7.13"]
[Round "-"]
[White "agourmay5"]
[Black "Hourglass"]
[Result "0-1"]
[WhiteElo "1643"]
[BlackElo "1884"]

1. d4 d5 2. c4 c6 3. Nf3 Nf6 4. Bf4 e6 5. e3 Bd6 6. Bxd6 Qxd6 7. c5 Qc7 8. Bd3
Nbd7 9. O-O e5 10. dxe5 Nxe5 11. Nc3 O-O 12. Re1 Bg4 13. Be2 Rad8 14. Nxe5 Bxe2
15. Rxe2 Qxe5 16. Qb3 Rb8 17. Rd1 Rfd8 18. Rde1 b5 19. Qa3 b4 20. Qxa7 bxc3 21.
f4 Qf5 22. bxc3 Ne4 23. Rc2 Nxc5 24. Rce2 Nd3 25. Rf1 g6 26. a4 Rdc8 27. Qe7 Rb2
28. e4 Qg4 29. Rxb2 Nxb2 30. exd5 cxd5 31. a5 Qe6 32. Qb7 Qe3+ 33. Rf2 Nd1 0-1

[Event "Challenge"]
[Site "http://www.queenalice.com/game.php?id=1489854"]
[Date "2017.8.12"]
[Round "-"]
[White "Hourglass"]
[Black "agourmay5"]
[Result "1-0"]
[WhiteElo "1890"]
[BlackElo "1712"]

1. e4 e5 2. Nf3 Nc6 3. Bb5 Bc5 4. O-O Nge7 5. c3 a6 6. Ba4 b5 7. Bb3 d5 8. exd5
Nxd5 9. d3 O-O 10. Bd2 Bf5 11. c4 Bxd3 12. cxd5 Bxf1 13. dxc6 Bd3 14. Nxe5 Qd4
15. Bc3 Qxf2+ 16. Kh1 Be4 17. Nf3 Rad8 18. Qg1 Qxg1+ 19. Nxg1 Bxc6 20. Nd2 b4
21. Ngf3 bxc3 22. bxc3 h6 23. Ne5 Bxg2+ 24. Kxg2 Rxd2+ 25. Kh3 Re8 26. Bxf7+ Kf8
27. Bxe8 Kxe8 28. Re1 Kf8 29. Re4 Kg8 30. Ra4 Rd5 31. Nf3 Rd3 32. Kg4 h5+ 33.
Kf4 Bd6+ 34. Ke4 Rxc3 35. Rxa6 Rc4+ 36. Kd5 Rc5+ 37. Ke4 g5 38. h3 g4 39. hxg4
hxg4 40. Nh4 Rc2 41. Nf5 Bh2 42. Nh6+ Kg7 43. Nxg4 Rc4+ 44. Kf5 Bd6 45. Ne3 Rf4+
46. Kg5 c5 47. Rxd6 c4 48. Kxf4 1-0

[Event "Challenge"]
[Site "http://www.queenalice.com/game.php?id=1489855"]
[Date "2017.8.12"]
[Round "-"]
[White "agourmay5"]
[Black "Hourglass"]
[Result "1-0"]
[WhiteElo "1616"]
[BlackElo "1890"]

1. d4 d5 2. c4 e6 3. Nc3 Nf6 4. Bg5 h6 5. Bxf6 Qxf6 6. cxd5 Bb4 7. Qa4+ c6 8.
Qxb4 Na6 9. Qa3 exd5 10. O-O-O Be6 11. Nf3 O-O-O 12. e4 Qf4+ 13. Kb1 Rd7 14.
Bxa6 bxa6 15. Qxa6+ Rb7 16. Qxc6+ Qc7 17. Qa6 Qxc3 18. Rc1 1-0

[Event "Challenge"]
[Site "http://www.queenalice.com/game.php?id=1494468"]
[Date "2017.9.14"]
[Round "-"]
[White "Hourglass"]
[Black "agourmay5"]
[Result "0-1"]
[WhiteElo "1876"]
[BlackElo "1664"]

1. e4 c5 2. Nf3 Nc6 3. d4 cxd4 4. Nxd4 Nf6 5. Nc3 a6 6. Be2 e5 7. Nf3 Bc5 8. O-O
O-O 9. Bg5 d6 10. Nd5 Kh8 11. a4 Be6 12. c4 Bxd5 13. exd5 Nd4 14. Nxd4 Bxd4 15.
Rb1 e4 16. Qb3 Qe7 17. Qg3 Rad8 18. b3 h6 19. Be3 Be5 20. f4 Bc3 0-1

[Event "Challenge"]
[Site "http://www.queenalice.com/game.php?id=1494469"]
[Date "2017.9.14"]
[Round "-"]
[White "agourmay5"]
[Black "Hourglass"]
[Result "0-1"]
[WhiteElo "1685"]
[BlackElo "1899"]

1. d4 d5 2. c4 c6 3. e3 Nf6 4. Nf3 Nbd7 5. Nc3 Qc7 6. Bd3 e5 7. cxd5 cxd5 8.
dxe5 Nxe5 9. Nxe5 Qxe5 10. O-O Ng4 11. Bb5+ Ke7 12. Nxd5+ Ke6 13. e4 Qxh2# 0-1

[Event "Challenge"]
[Site "http://www.queenalice.com/game.php?id=1531973"]
[Date "2018.6.20"]
[Round "-"]
[White "pariolinius"]
[Black "agourmay5"]
[Result "0-1"]
[WhiteElo "1798"]
[BlackElo "1784"]

1. e4 c5 2. Nf3 Nc6 3. g3 d6 4. Bg2 g6 5. O-O Nf6 6. d3 Bg7 7. Be3 Ng4 8. Nc3
Nxe3 9. fxe3 Bxc3 10. bxc3 c4 11. d4 e6 12. Qe2 b5 13. Rab1 a6 14. e5 dxe5 15.
dxe5 O-O 16. Rbd1 Qa5 17. Nd4 Bb7 18. Nxc6 Bxc6 19. Bxc6 Rac8 20. Rd6 Qxc3 21.
Bb7 Rc5 22. Rxa6 Rxe5 23. e4 Rd8 24. Ra8 Rxa8 25. Bxa8 Qa3 26. Bc6 Qxa2 27. Be8
f5 28. Bc6 Qa6 29. Bd7 Qa7+ 30. Kh1 Qxd7 31. Rd1 Rxe4 32. Qf1 Qb7 33. Rd8+ Kf7
34. Kg1 Qb6+ 0-1

[Event "Challenge"]
[Site "http://www.queenalice.com/game.php?id=1535750"]
[Date "2018.7.21"]
[Round "-"]
[White "agourmay5"]
[Black "Excsiu"]
[Result "0-1"]
[WhiteElo "1866"]
[BlackElo "1828"]

1. d4 d5 2. c4 dxc4 3. e3 b5 4. Qf3 c6 5. a4 Qa5+ 6. Bd2 b4 7. Bxc4 Nf6 8. Na3
Bg4 9. Qf4 Qxa4 10. b3 Qa5 11. Nc2 Qb6 12. Bxb4 a5 13. Nf3 e6 14. Bxf8 Rxf8 15.
O-O Bxf3 16. Qxf3 Nbd7 17. Nb4 Qxb4 18. Qxc6 Ke7 19. d5 exd5 20. Bxd5 Nxd5 21.
Qxd5 Rfc8 22. Rfd1 Rd8 23. Ra4 Qc3 24. h3 Nc5 25. Qg5+ Ke8 26. Rad4 Ne6 27. Qb5+
Kf8 28. Rd5 g6 29. Rxd8+ Nxd8 30. Qd5 Nc6 31. Qc4 Qf6 32. Qc5+ Kg7 33. Rd6 Qa1+
34. Kh2 Ne7 35. g4 Rc8 36. Qd4+ Qxd4 37. Rxd4 Rc2 38. Kg3 h5 39. g5 Nf5+ 40. Kf4
Nxd4 41. exd4 Rb2 42. f3 Rxb3 0-1

[Event "Gislena"]
[Site "http://www.queenalice.com/game.php?id=1545447"]
[Date "2018.10.9"]
[Round "-"]
[White "agourmay5"]
[Black "Copelipon"]
[Result "1/2-1/2"]
[WhiteElo "1865"]
[BlackElo "1874"]

1. d4 Nf6 2. c4 g6 3. Nc3 Bg7 4. e4 d6 5. Nf3 O-O 6. Bd3 b6 7. O-O Bb7 8. d5 c6
9. Re1 Re8 10. Bf4 e5 11. Bd2 Nbd7 12. Qa4 Nc5 13. Qc2 cxd5 14. cxd5 Rc8 15. b4
Nxd3 16. Qxd3 a6 17. a4 Nd7 18. a5 b5 19. Nxb5 axb5 20. Qxb5 Ba8 21. Qa4 Rc7 22.
b5 Ra7 23. Rab1 Nb6 24. Qc2 Nxd5 25. exd5 Bxd5 26. b6 Rb7 27. Rb5 e4 28. Nd4
Bxd4 29. Rxd5 Qf6 30. Be3 Bxe3 31. Rxe3 Qa1+ 32. Rd1 Qxa5 33. Rxd6 Rxb6 34. Rxb6
Qxb6 35. Rxe4 Rb8 36. g4 Qb1+ 1/2-1/2

[Event "Challenge"]
[Site "http://www.queenalice.com/game.php?id=1546165"]
[Date "2018.10.17"]
[Round "-"]
[White "pedroingles"]
[Black "agourmay5"]
[Result "0-1"]
[WhiteElo "1861"]
[BlackElo "1839"]

1. d4 d5 2. c4 e6 3. Nf3 Nf6 4. Bg5 Be7 5. Nc3 O-O 6. e3 b6 7. Be2 Bb7 8. O-O c5
9. Qc2 cxd4 10. Nxd4 dxc4 11. Bxc4 Ng4 12. Bxe7 Qxe7 13. Be2 Qg5 14. Ne4 Qh4 15.
Bxg4 Qxg4 16. Ng3 Nd7 17. Qc7 Nc5 18. b4 Rac8 19. Qe5 Nd3 20. Qb5 Qg6 21. a3 e5
22. Nde2 h5 23. h4 a6 24. Qd7 Bc6 25. Qh3 f5 26. Nc1 Nxc1 27. Raxc1 f4 28. exf4
exf4 29. Nh1 Rcd8 30. Kh2 Rd3 31. f3 Bd7 32. g4 hxg4 33. Qg2 g3+ 34. Kg1 Qh5 35.
Rcd1 Rxd1 36. Rxd1 Bb5 37. Nxg3 fxg3 38. Qxg3 Rxf3 39. Qg5 Qxg5+ 40. hxg5 Rg3+
41. Kh2 Rxg5 42. Rd6 a5 43. bxa5 bxa5 44. Rd4 a4 45. Rd8+ Kf7 46. Rb8 Re5 47.
Rb7+ Kf6 48. Rb6+ Kf5 49. Rb7 g5 50. Rf7+ Kg4 51. Rf2 Re2 52. Rxe2 Bxe2 53. Kg2
Kf4 54. Kf2 Bh5 55. Kg2 g4 56. Kf2 g3+ 57. Kg2 Kg4 58. Kg1 Kf3 59. Kf1 g2+ 60.
Kg1 Bg6 0-1

[Event "Challenge"]
[Site "http://www.queenalice.com/game.php?id=1554481"]
[Date "2018.12.28"]
[Round "-"]
[White "agourmay5"]
[Black "carmeloantony"]
[Result "0-1"]
[WhiteElo "1843"]
[BlackElo "1684"]

1. d4 c5 2. Nf3 Nc6 3. d5 Nb4 4. e4 e6 5. dxe6 fxe6 6. a3 Nc6 7. Nc3 d6 8. Bc4
Nf6 9. O-O Bd7 10. Bg5 h6 11. Bf4 e5 12. Bg3 g5 13. Nd5 Nxe4 14. Nxe5 h5 15. Re1
dxe5 16. Rxe4 Bg7 17. f4 h4 18. Bf2 Bf5 19. Re3 gxf4 20. Re1 Qd7 21. Bxc5 O-O-O
22. Bxa7 Nd4 23. Nb6+ Kc7 24. Nxd7 Rxd7 25. Bxd4 Rxd4 26. Bd3 Rhd8 27. Qh5 Bd7
28. Re4 f3 29. Qxf3 Rf8 30. Qd1 h3 31. Rxd4 exd4 32. g3 Bh6 33. Qe2 Be3+ 34.
Qxe3 dxe3 35. Rf1 Re8 36. Be2 Bc6 37. Rf7+ Kb6 38. Kf1 Re5 39. Rf6 Kc5 40. b4+
Kd4 41. Rf4+ Kc3 42. Rc4+ Kb2 43. Rh4 Bg2+ 44. Ke1 Kxc2 45. Rc4+ Kb3 46. Kd1
Rd5+ 47. Kc1 Rd2 0-1

[Event "Challenge"]
[Site "http://www.queenalice.com/game.php?id=1558786"]
[Date "2019.1.30"]
[Round "-"]
[White "Magogue"]
[Black "agourmay5"]
[Result "0-1"]
[WhiteElo "1315"]
[BlackElo "1866"]

1. e4 c5 2. Nf3 d6 3. d4 cxd4 4. Nxd4 e5 5. Nf3 g6 6. Nc3 Bg7 7. h3 Nc6 8. Bb5
Ne7 9. O-O O-O 10. Re1 Be6 11. Ng5 Nd4 12. Nxe6 Nxe6 13. b3 f5 0-1

[Event "Jacinta"]
[Site "http://www.queenalice.com/game.php?id=1574279"]
[Date "2019.6.12"]
[Round "-"]
[White "agourmay5"]
[Black "Copelipon"]
[Result "0-1"]
[WhiteElo "1815"]
[BlackElo "1911"]

1. d4 Nf6 2. c4 g6 3. Nc3 Bg7 4. e4 d6 5. Nf3 O-O 6. Bd3 Bd7 7. O-O c6 8. Qb3 b6
9. Bf4 Nh5 10. Ne2 Na6 11. c5 Nxf4 12. Nxf4 b5 13. a4 Nc7 14. cxd6 exd6 15. h4
Bg4 16. Be2 Bxf3 17. Bxf3 Qxh4 18. g3 Qe7 19. d5 bxa4 20. Rxa4 c5 21. Rd1 Rfb8
22. Qa2 Rxb2 23. Qa3 Nb5 24. Qd3 Nc3 25. Re1 Nxa4 0-1

[Event "Let's Play Chess!"]
[Site "http://www.queenalice.com/game.php?id=1776089"]
[Date "2021.12.2"]
[Round "-"]
[White "Olavio"]
[Black "agourmay5"]
[Result "1-0"]
[WhiteElo "1966"]
[BlackElo "1812"]

1. e4 e5 2. Nf3 Nc6 3. Bc4 Nf6 4. Nc3 h6 5. O-O Bc5 6. Ne2 Nxe4 7. Ng3 Nxg3 8.
hxg3 O-O 9. Re1 d6 10. Bd5 Bg4 11. Re4 Qd7 12. Qe2 Nd4 13. Rxd4 Bxd4 14. c3 Bb6
15. b4 c6 16. Bb3 d5 17. d3 Rae8 18. Qf1 e4 19. Nh2 e3 20. d4 exf2+ 21. Qxf2 Re2
22. Qf4 Bc7 23. Qxg4 Qxg4 24. Nxg4 Bxg3 25. Be3 h5 26. Bf2 Bxf2+ 27. Nxf2 g5 28.
Nd3 Rfe8 29. Ne5 f6 30. Nf3 g4 31. Nh2 R8e3 32. Rf1 g3 33. Nf3 Rxc3 34. Nh4 Kf7
35. Bd1 Rxa2 36. Bxh5+ Kf8 37. Nf5 Rb2 38. Nh4 Rxb4 39. Rxf6+ Ke7 40. Rf1 a5 41.
Bf3 Kf6 42. Bxd5+ Kg5 43. Nf3+ Kh6 44. Be6 a4 45. Ne5 a3 46. Ng4+ Kg5 47. Nf6
Rxd4 48. Bf7 Kh4 49. Be6 Rcd3 50. Nd7 Rxd7 51. Bxd7 Rxd7 52. Ra1 b5 53. Kf1 b4
54. Ke2 c5 55. Kf3 c4 56. Kf4 c3 57. Rh1# 1-0

[Event "Let's Play Chess!"]
[Site "http://www.queenalice.com/game.php?id=1776332"]
[Date "2021.12.8"]
[Round "-"]
[White "charles31"]
[Black "agourmay5"]
[Result "0-1"]
[WhiteElo "1656"]
[BlackElo "1800"]

1. Nc3 e5 2. e4 Nf6 3. a3 Nc6 4. Nf3 Bc5 5. Bc4 O-O 6. d3 h6 7. h3 Re8 8. Nd5 d6
9. Nxf6+ Qxf6 10. Be3 Bxe3 11. fxe3 Be6 12. Bxe6 Rxe6 13. Qd2 Rd8 14. O-O-O d5
15. exd5 Rxd5 16. e4 Rd8 17. g4 Qxf3 18. Rdf1 Qg3 19. Rfg1 Qh4 20. g5 Nd4 21.
Rg4 Qh5 22. gxh6 Rxh6 23. Qg2 Rg6 24. Rxg6 fxg6 25. Rf1 Rf8 26. Rxf8+ Kxf8 27.
b3 Ne2+ 28. Kb2 Nf4 29. Qf1 Ke7 0-1